=LDR 00000nam 2200000 4500 =001 INLIS000000000004540 =005 20130612092817 =008 ***********************************Ind** =035 ##$$a0010-061300000004540 =041 ##$$a Ind =082 ##$$a 370.19 =090 ##$$a 370.19, Gun s =100 ##$$a GUNAWAN, Ari H =245 ##$$a Sosiologi Pendidikan : Suatu analisis sosiologi tentang pelbagai problem pendidikan / Ari H. Gunawan =260 ##$$a 2000 $b Jakarta : Rineka Cipta =300 ##$$a ix, 187 hlm. ; 21 cm =650 ##$$a Sosiologi pendidikan =650 ##$$a , =850 ##$$a NBPNMAT =990 ##$$a 21400482/BPAP-NTB/2014 =990 ##$$a 21400483/BPAP-NTB/2014